000 00664nam a2200277Ia 4500
005 20260324115121.0
008 008 260324s9999 xx 000 0 eng d
020 _a9781003576044
037 _aEBOOK
040 _aCRL
040 _beng
040 _cCRL
041 _2eng
041 _aeng
084 _qCRL
100 _aCarolyn R. Miller; Amy J. Devitt
_91153426
245 0 _aLandmark Essays on Rhetorical Genre Studies
260 _bTaylor and Francis
260 _c2019
365 _a
365 _b230
856 _uhttp://www.taylorfrancis.com/books/9781003576044
942 _cEBOOK
999 _c1744069
_d1744069